00796 2200313 4500001002100000005001500021007000300036008004100039020001800080035002000098040001700118041000800135082001000143084001600153090002400169100002600193245003300219250001000252264003500262300003500297336002100332337003000353338002300383650001000406850001000416990002200426990001700448990001700465INLIS00000000000955820260417092911ta260417 0  a979-518-668-X a0010-1222000163 aSBPUPADbind0 aind a181.2 a181.2 SUD f a181.2 SUD f L 2 R 90 aSudarsono:ePengarang1 aFilsafat Islam\ /cSudarsono aCet.2 aJakarta :bRineka Cipta,c2004 av 161 hlm. :bilus. ;c15,5 cm 2rdacontentateks 2rdamediaatanpa perantara 2rdacarrieravolume 4aAgama aPUPAD a1190/BR/KAPD/2011 a1191/BR/KAPD a1192/BR/KAPD